000 00367cam a2200145 4500
001 L130900
008 050914n2003 000 0 eng u
020 _a0580418960
035 _a(Sirsi) u130900
100 _aChristian
245 2 _aA guide to fire Ssfety engineering: BIP2007
260 _aBritish Standards Institution
_c2003
350 _a20.00
942 _n0
999 _c104602
_d104602